عرض عادي
عرض مارك
- Composite materials
مدخل مصطلح موضوعي
001 - رقم الضبط
- حقل الضبط: 11991
003 - معرف رقم الضبط
- حقل الضبط: OSt
005 - تاريخ ووقت أخر عملية
- حقل الضبط: 20120427160422.0
008 - عناصر بيانات ثابتة الطول
- حقل تحكم ثابت الطول: 120427|||a|||||| | ||| d
040 ## - مصدر الفهرسة
- هيئة الفهرسة الأصلية: OSt
- وكالة الكتابة: OSt
150 ## - مدخل-- مصطلح تاريخي
- عنصر مدخل المصطلح الموضوعي او الاسم الجغرافي: Composite materials
- تفريع شكلي: Congresses.
670 ## - بيانات المصدر موجوده
- الاستشهاد بالمصدر: Work cat.: (OSt)24137: International Conference on High Performance Structures and Materials (4th : 2008 : The Algarve, Portugal) 11988, High performance structures and materials IV /, c2008.
